000 01447namaa22003251i 4500
005 20260211103322.0
008 260103s1995 ua a|||fr|m|| 000 0 eng d
040 _aEG-GICUC
_beng
_cEG-GICUC
_dEG-GICUC
_erda
041 0 _aeng
_beng
_bara
049 _aDeposit
097 _aM.Sc
099 _aCai01.13.05.M.Sc.1995.Ah.S.
100 0 _aAhmed Mohamed El-Hawary,
_epreparation.
245 1 0 _aSubsurface Drainage design to maximize the system net present worth /
_cBy Ahmed Mohamed El-Hawary; Supervised Prof. Dr. Abdallah Sadik Bazaraa, Prof. Dr. Mohamed Morsy Atrees, Dr. Hesham Mohamed Kandil
246 1 5 _aتصميم شبكات الصرف المغطى لتعظيم عائدها الاقتصادى
264 0 _c1995.
300 _a107 Pages :
_billustrations ;
_c25 cm. +
336 _2rda content
_atext
337 _2rdamedia
_aUnmediated
338 _2rdacarrier
_avolume
502 _aThesis (M.Sc.)-Cairo University, 1995
504 _aBibliography: pages 82 :96
653 0 _aIrrigation and Hydraulics
700 0 _aAbdallah Sadik Bazaraa
_ethesis advisor.
700 0 _aMohamed Morsy Atrees
_ethesis advisor.
700 0 _aHesham Mohamed Kandil
_ethesis advisor.
900 _DDepartment of Irrigation and Hydraulics
_FFaculty of Engineering
_UCairo University
_b1995
_cAbdallah Sadik Bazaraa
_cMohamed Morsy Atrees
_cHesham Mohamed Kandil
_dAbdallah Sadik Bazaraa
905 _aNagat
_eNourhan
942 _2ddc
_cTH
_e21
_n0
999 _c177319